Quizz Naruto ¤1 - Statistiques

Statistiques générales
  • Ce quiz a été pris 836 fois
  • Le résultat moyen est 10 sur 15
Statistiques - réponses
Enigmes Lettres Personnages % Correct
H est le personnage principal Naruto
99%
K est le meilleur ami de H Sasuke
93%
A est considéré comme traite et déserteur Itachi
85%
E est mort pendant l'attaque de pain avec un clou Kakashi
80%
D est amoureux(se) de H Hinata
79%
U est devenu le sensei de H après ses performances Jiraya
79%
O ne marche jamais sans son animal Kiba
79%
I a un objet qui le défini : Briquet Asuma
72%
C est dans la même équipe que H et K Sakura
72%
V est l'animal de O Akamaru
57%
F est immortel Hidan
55%
J est le sensei de O Kurenaï
50%
B est le meilleur ami de A Shisui
47%
L est une des premières personnes a naître avec du chakra Kaguya
42%
G est le père de E Sakumo
29%
Aucun quiz correspondant
Distribution des résultats
% des personnes avec chaque résultat
Percentile par nombre de réponses
Votre historique - résultats
Vous n’avez pas pris ce quiz